<?xml version='1.0' encoding='UTF-8'?>
  <record xmlns="http://www.loc.gov/MARC21/slim">
    <leader>00000cam a22000001  4500</leader>
    <controlfield tag="001">ocm02385788</controlfield>
    <controlfield tag="003">OCoLC</controlfield>
    <controlfield tag="005">20241031140341.4</controlfield>
    <controlfield tag="008">760820m18511860enkaf         001 0 eng  </controlfield>
    <datafield tag="010" ind1=" " ind2=" ">
      <subfield code="a">   11028947 </subfield>
    </datafield>
    <datafield tag="040" ind1=" " ind2=" ">
      <subfield code="a">DLC</subfield>
      <subfield code="b">eng</subfield>
      <subfield code="c">DLC</subfield>
      <subfield code="d">OCLCF</subfield>
      <subfield code="d">NLC</subfield>
      <subfield code="d">TYC</subfield>
      <subfield code="d">AUD</subfield>
      <subfield code="d">DCT</subfield>
      <subfield code="d">AZU</subfield>
      <subfield code="d">OCLCQ</subfield>
      <subfield code="d">JTB</subfield>
      <subfield code="d">OCLCO</subfield>
      <subfield code="d">OCLCL</subfield>
      <subfield code="d">OCLCQ</subfield>
    </datafield>
    <datafield tag="016" ind1=" " ind2=" ">
      <subfield code="a">(AMICUS)000005870015</subfield>
    </datafield>
    <datafield tag="019" ind1=" " ind2=" ">
      <subfield code="a">1004094199</subfield>
    </datafield>
    <datafield tag="029" ind1="1" ind2=" ">
      <subfield code="a">NLC</subfield>
      <subfield code="b">000005870015</subfield>
    </datafield>
    <datafield tag="029" ind1="1" ind2=" ">
      <subfield code="a">AU@</subfield>
      <subfield code="b">000055187060</subfield>
    </datafield>
    <datafield tag="029" ind1="1" ind2=" ">
      <subfield code="a">AU@</subfield>
      <subfield code="b">000054724107</subfield>
    </datafield>
    <datafield tag="029" ind1="1" ind2=" ">
      <subfield code="a">NLGGC</subfield>
      <subfield code="b">153913673</subfield>
    </datafield>
    <datafield tag="029" ind1="1" ind2=" ">
      <subfield code="a">AU@</subfield>
      <subfield code="b">000026042839</subfield>
    </datafield>
    <datafield tag="029" ind1="1" ind2=" ">
      <subfield code="a">AU@</subfield>
      <subfield code="b">000022228370</subfield>
    </datafield>
    <datafield tag="035" ind1=" " ind2=" ">
      <subfield code="a">(OCoLC)2385788</subfield>
      <subfield code="z">(OCoLC)1004094199</subfield>
    </datafield>
    <datafield tag="042" ind1=" " ind2=" ">
      <subfield code="a">premarc</subfield>
    </datafield>
    <datafield tag="050" ind1="0" ind2="0">
      <subfield code="a">ND1135</subfield>
      <subfield code="b">.R8 1851</subfield>
    </datafield>
    <datafield tag="055" ind1="0" ind2="1">
      <subfield code="a">ND1135</subfield>
    </datafield>
    <datafield tag="080" ind1=" " ind2=" ">
      <subfield code="a">709</subfield>
    </datafield>
    <datafield tag="082" ind1="0" ind2="4">
      <subfield code="a">WANG COLL</subfield>
    </datafield>
    <datafield tag="100" ind1="1" ind2=" ">
      <subfield code="a">Ruskin, John,</subfield>
      <subfield code="d">1819-1900.</subfield>
      <subfield code="1">https://id.oclc.org/worldcat/entity/E39PBJdcCwxXh6j4mWfTwPgYfq</subfield>
    </datafield>
    <datafield tag="245" ind1="1" ind2="0">
      <subfield code="a">Modern painters ... /</subfield>
      <subfield code="c">by John Ruskin.</subfield>
    </datafield>
    <datafield tag="260" ind1=" " ind2=" ">
      <subfield code="a">London :</subfield>
      <subfield code="b">Smith, Elder, and co.,</subfield>
      <subfield code="c">1851-60.</subfield>
    </datafield>
    <datafield tag="300" ind1=" " ind2=" ">
      <subfield code="a">5 v. :</subfield>
      <subfield code="b">fronts. (v. 3-5) illus., plates. ;</subfield>
      <subfield code="c">26 cm.</subfield>
    </datafield>
    <datafield tag="336" ind1=" " ind2=" ">
      <subfield code="a">text</subfield>
      <subfield code="b">txt</subfield>
      <subfield code="2">rdacontent</subfield>
    </datafield>
    <datafield tag="337" ind1=" " ind2=" ">
      <subfield code="a">unmediated</subfield>
      <subfield code="b">n</subfield>
      <subfield code="2">rdamedia</subfield>
    </datafield>
    <datafield tag="338" ind1=" " ind2=" ">
      <subfield code="a">volume</subfield>
      <subfield code="b">nc</subfield>
      <subfield code="2">rdacarrier</subfield>
    </datafield>
    <datafield tag="505" ind1="0" ind2=" ">
      <subfield code="a">V. 1. pt. 1-2. Of general principles, and Of truth. 5th ed. -- v. 2. pt. 3. Of the imaginative and theoretic faculties. 4th ed. -- v. 3. pt.4. Of many things. -- v 4. pt. 5. Of mountain beauty. -- v. 5. pt. 6. Of leaf beauty. pt. 7. Of cloud beauty. pt. 8-9. Of ideas of relation.</subfield>
    </datafield>
    <datafield tag="650" ind1=" " ind2="0">
      <subfield code="a">Painting.</subfield>
    </datafield>
    <datafield tag="650" ind1=" " ind2="0">
      <subfield code="a">Aesthetics.</subfield>
    </datafield>
    <datafield tag="650" ind1=" " ind2="2">
      <subfield code="a">Paintings</subfield>
    </datafield>
    <datafield tag="650" ind1=" " ind2="6">
      <subfield code="a">Peinture.</subfield>
    </datafield>
    <datafield tag="650" ind1=" " ind2="7">
      <subfield code="a">Aesthetics.</subfield>
      <subfield code="2">fast</subfield>
      <subfield code="0">(OCoLC)fst00798702</subfield>
    </datafield>
    <datafield tag="650" ind1=" " ind2="7">
      <subfield code="a">Painting.</subfield>
      <subfield code="2">fast</subfield>
      <subfield code="0">(OCoLC)fst01050567</subfield>
    </datafield>
    <datafield tag="758" ind1=" " ind2=" ">
      <subfield code="i">has work:</subfield>
      <subfield code="a">Modern painters (Text)</subfield>
      <subfield code="1">https://id.oclc.org/worldcat/entity/E39PCG9BgFhD97qwkdWXrpbrv3</subfield>
      <subfield code="4">https://id.oclc.org/worldcat/ontology/hasWork</subfield>
    </datafield>
    <datafield tag="776" ind1="0" ind2="8">
      <subfield code="i">Online version:</subfield>
      <subfield code="a">Ruskin, John, 1819-1900.</subfield>
      <subfield code="t">Modern painters ...</subfield>
      <subfield code="d">London : Smith, Elder, and co., 1851-60</subfield>
      <subfield code="w">(OCoLC)1457898747</subfield>
    </datafield>
  </record>